Zákon o ochrane údajov liberálnejší

Hlavné zmeny, ktoré priniesol zákon č. 428/2002 o ochrane osobných údajov a jeho uplatnení v praxi firiem venujúcich sa zásielkovému obchodu a directmarketingových firiem.

Na minha lista:
Detalhes bibliográficos
Autor principal: Môciková, Renata
Formato: Capítulo de Livro
Idioma:eslovaco
Assuntos:
Tags: Adicionar Tag
Sem tags, seja o primeiro a adicionar uma tag!

MARC

LEADER 00000naa$a2200000$$$4500
001 0003346
005 20230929113714.1
041 0 |a slo 
044 |a SK 
245 1 0 |a Zákon o ochrane údajov liberálnejší  |c aut. Renata Môciková 
520 |a Hlavné zmeny, ktoré priniesol zákon č. 428/2002 o ochrane osobných údajov a jeho uplatnení v praxi firiem venujúcich sa zásielkovému obchodu a directmarketingových firiem. 
610 2 0 |a ochrana údajov osobných 
610 2 0 |a zákony 
610 2 0 |a 2002 
100 1 |a Môciková, Renata